Công nghệ bảo quản chế biến sản phẩm chăn nuôi và cá

Salvato in:
Dettagli Bibliografici
Autore principale: Trần, Văn Chương
Natura: Libro
Lingua:Undetermined
Pubblicazione: H. VHDT 2001
Soggetti:
Tags: Aggiungi Tag
Nessun Tag, puoi essere il primo ad aggiungerne! !
Thư viện lưu trữ: Trung tâm Học liệu Trường Đại học Cần Thơ
LEADER 00555nam a2200181Ia 4500
001 CTU_50006
008 210402s9999 xx 000 0 und d
082 |a 664.9028 
082 |b Ch561 
100 |a Trần, Văn Chương 
245 0 |a Công nghệ bảo quản chế biến sản phẩm chăn nuôi và cá 
245 0 |c TRẦN VĂN CHƯƠNG 
260 |a H. 
260 |b VHDT 
260 |c 2001 
650 |a animal products,meat industry and trade 
904 |i Minh 
980 |a Trung tâm Học liệu Trường Đại học Cần Thơ